Turandot : (Record no. 91121)
[ view plain ]
| 000 -LEADER | |
|---|---|
| fixed length control field | 01073cam a2200289 i 4500 |
| 001 - CONTROL NUMBER | |
| control field | 9912087415105606 |
| 003 - CONTROL NUMBER IDENTIFIER | |
| control field | NyNyJPI |
| 005 - DATE AND TIME OF LATEST TRANSACTION | |
| control field | 20260414183431.0 |
| 008 - FIXED-LENGTH DATA ELEMENTS--GENERAL INFORMATION | |
| fixed length control field | 070725q19091910xxu |000 d pol c |
| 009 - PHYSICAL DESCRIPTION FIXED-FIELD FOR ARCHIVAL COLLECTION (VM) [OBSOLETE] | |
| fixed length control field | b0000050190590 |
| 035 ## - SYSTEM CONTROL NUMBER | |
| System control number | UM584297-48omnis_network |
| 035 ## - SYSTEM CONTROL NUMBER | |
| System control number | zz2007910591 |
| 035 ## - SYSTEM CONTROL NUMBER | |
| System control number | (PL)b0000050190590 |
| 040 ## - CATALOGING SOURCE | |
| Original cataloging agency | TOR U |
| Transcribing agency | TOR U |
| 041 1# - LANGUAGE CODE | |
| Language code of text/sound track or separate title | pol |
| Language code of original | ger |
| 100 1# - MAIN ENTRY--PERSONAL NAME | |
| Personal name | Schiller, Friedrich |
| Dates associated with a name | (1759-1805) |
| 240 10 - UNIFORM TITLE | |
| Uniform title | Turandot, Prinzessin von China |
| Language of a work | (pol.) |
| 245 10 - TITLE STATEMENT | |
| Title | Turandot : |
| Remainder of title | baśń dramatyczna o księżniczce chińskiej : wolny przekład poematu dramatycznego Fryderyka Schillera, podług utworu Karola hr. Gozzi : aktów pięć / |
| Statement of responsibility, etc. | Karol Wachtel. |
| 260 ## - PUBLICATION, DISTRIBUTION, ETC. | |
| Place of publication, distribution, etc. | Chicago, Ill. : |
| Name of publisher, distributor, etc. | Polish Publishing Company, |
| Date of publication, distribution, etc. | [ca 1910] |
| Place of manufacture | (Chicago, Ill. : |
| Manufacturer | Dziennik Chicagoski). |
| 300 ## - PHYSICAL DESCRIPTION | |
| Extent | 169 s. ; |
| Dimensions | 19 cm. |
| 336 ## - CONTENT TYPE | |
| Content type term | Tekst |
| Content type code | txt |
| Source | rdacontent |
| 337 ## - MEDIA TYPE | |
| Media type term | Bez urządzenia pośredniczącego |
| Media type code | n |
| Source | rdamedia |
| 338 ## - CARRIER TYPE | |
| Carrier type term | Wolumin |
| Carrier type code | nc |
| Source | rdacarrier |
| 380 ## - FORM OF WORK | |
| Form of work | Książki |
| 700 1# - ADDED ENTRY--PERSONAL NAME | |
| Personal name | Wachtl, Karol |
| Dates associated with a name | (1876-1946). |
| Relator term | Tłumaczenie |
| 942 ## - ADDED ENTRY ELEMENTS (KOHA) | |
| Source of classification or shelving scheme | Other/Generic Classification Scheme |
| Koha item type | Books |
| Suppress in OPAC | No |
| Withdrawn status | Lost status | Source of classification or shelving scheme | Damaged status | Not for loan | Home library | Current library | Date acquired | Total checkouts | Full call number | Date last seen | Price effective from | Koha item type |
|---|---|---|---|---|---|---|---|---|---|---|---|---|
| Other/Generic Classification Scheme | Not for loan | Józef Piłsudski Institute | Józef Piłsudski Institute | 04/14/2026 | K 1860 | 04/14/2026 | 04/14/2026 | Books |


